Statistics for 1995 College Football AP Poll

Click here to take the quiz!

General Stats

  • This quiz has been taken 6 times
  • The average score is 364 of 425

Answer Stats

WeekRankTeamWLTConference% Correct
Week 9 (10/24)15Texas511Southwest
100%
Week 6 (10/3)5Ohio State40Big Ten
100%
Week 12 (11/14)19Penn State63Big Ten
100%
Week 12 (11/14)17Alabama82SEC
100%
Week 5 (9/26)20Alabama21SEC
100%
Week 5 (9/26)21Texas21Southwest
100%
Week 12 (11/14)12Michigan82Big Ten
100%
Week 12 (11/14)11USC811Pacific-10
100%
Week 12 (11/14)10Texas711Southwest
100%
Week 6 (10/3)2Nebraska50Big Eight
100%
Week 12 (11/14)8Notre Dame82Independent
100%
Week 6 (10/3)5USC40Pacific-10
100%
Week 5 (9/26)12Tennessee31SEC
100%
Week 6 (10/3)7Michigan50Big Ten
100%
Week 12 (11/14)4Tennessee81SEC
100%
Week 6 (10/3)10Tennessee41SEC
100%
Week 12 (11/14)2Ohio State100Big Ten
100%
Week 6 (10/3)12Penn State31Big Ten
100%
Week 12 (11/14)1Nebraska100Big Eight
100%
Week 6 (10/3)14Oklahoma31Big Eight
100%
Week 6 (10/3)16Alabama31SEC
100%
Week 6 (10/3)20Texas31Southwest
100%
Week 5 (9/26)15Notre Dame31Independent
100%
Week 5 (9/26)10Oklahoma30Big Eight
100%
Week 6 (10/3)23Notre Dame32Independent
100%
Week 13 (11/21)14Penn State73Big Ten
100%
Week 4 (9/19)5USC20Pacific-10
100%
Week 4 (9/19)6Penn State20Big Ten
100%
Week 13 (11/21)18Michigan83Big Ten
100%
Week 4 (9/19)8Ohio State20Big Ten
100%
Week 4 (9/19)9Michigan40Big Ten
100%
Week 4 (9/19)10Oklahoma20Big Eight
100%
Week 13 (11/21)17USC821Pacific-10
100%
Week 4 (9/19)13Texas20Southwest
100%
Week 4 (9/19)15Tennessee21SEC
100%
Week 13 (11/21)9Texas811Southwest
100%
Week 5 (9/26)8Michigan40Big Ten
100%
Week 13 (11/21)7Notre Dame92Independent
100%
Week 9 (10/24)16Penn State52Big Ten
100%
Week 4 (9/19)23Alabama21SEC
100%
Week 13 (11/21)5Tennessee91SEC
100%
Week 13 (11/21)2Ohio State110Big Ten
100%
Week 5 (9/26)2Nebraska40Big Eight
100%
Week 13 (11/21)1Nebraska100Big Eight
100%
Week 5 (9/26)5USC30Pacific-10
100%
Week 5 (9/26)6Penn State30Big Ten
100%
Week 5 (9/26)7Ohio State30Big Ten
100%
Week 11 (11/7)19Penn State63Big Ten
100%
Week 11 (11/7)16Alabama72SEC
100%
Week 13 (11/21)21Alabama83SEC
100%
Week 10 (10/31)5Tennessee71SEC
100%
Week 10 (10/31)12Penn State62Big Ten
100%
Preseason2Nebraska00Big Eight
100%
Week 8 (10/17)15Oklahoma411Big Eight
100%
Week 8 (10/17)16Texas411Southwest
100%
Week 8 (10/17)17Notre Dame52Independent
100%
Week 10 (10/31)8Notre Dame72Independent
100%
Week 8 (10/17)19Penn State42Big Ten
100%
Week 10 (10/31)7Michigan71Big Ten
100%
Week 8 (10/17)21Alabama42SEC
100%
Week 10 (10/31)4Ohio State80Big Ten
100%
Week 8 (10/17)10Michigan51Big Ten
100%
Week 10 (10/31)1Nebraska80Big Eight
100%
Week 9 (10/24)2Nebraska70Big Eight
100%
Week 9 (10/24)4Ohio State70Big Ten
100%
Week 9 (10/24)5Tennessee61SEC
100%
Week 9 (10/24)23Oklahoma421Big Eight
100%
Week 9 (10/24)9Michigan61Big Ten
100%
Week 9 (10/24)12Notre Dame62Independent
100%
Week 9 (10/24)13USC61Pacific-10
100%
Week 9 (10/24)18Alabama52SEC
100%
Week 10 (10/31)13Texas511Southwest
100%
Week 10 (10/31)14USC611Pacific-10
100%
Week 7 (10/10)2Nebraska50Big Eight
100%
Week 7 (10/10)13Oklahoma41Big Eight
100%
Week 11 (11/7)13Michigan72Big Ten
100%
Week 7 (10/10)4Ohio State50Big Ten
100%
Week 7 (10/10)5USC50Pacific-10
100%
Week 7 (10/10)6Tennessee51SEC
100%
Week 11 (11/7)12USC711Pacific-10
100%
Week 11 (11/7)11Texas611Southwest
100%
Week 11 (11/7)8Notre Dame82Independent
100%
Week 7 (10/10)11Michigan51Big Ten
100%
Week 7 (10/10)12Alabama41SEC
100%
Week 11 (11/7)4Tennessee81SEC
100%
Week 10 (10/31)16Alabama62SEC
100%
Week 7 (10/10)17Notre Dame42Independent
100%
Week 7 (10/10)18Texas41Southwest
100%
Week 11 (11/7)2Ohio State90Big Ten
100%
Week 7 (10/10)20Penn State32Big Ten
100%
Week 11 (11/7)1Nebraska90Big Eight
100%
Week 10 (10/31)25Oklahoma521Big Eight
100%
Week 8 (10/17)2Nebraska60Big Eight
100%
Week 8 (10/17)4Ohio State60Big Ten
100%
Week 8 (10/17)5USC60Pacific-10
100%
Week 8 (10/17)6Tennessee61SEC
100%
Week 4 (9/19)2Nebraska30Big Eight
100%
Week 4 (9/19)21Notre Dame21Independent
100%
Week 3 (9/12)24Notre Dame11Independent
100%
Week 15 (12/5)9Texas1011Southwest
100%
Week 1 (8/29)11Alabama00SEC
100%
Week 1 (8/29)13Michigan10Big Ten
100%
Week 15 (12/5)21Alabama83SEC
100%
Week 1 (8/29)16Oklahoma00Big Eight
100%
Week 1 (8/29)18Texas00Southwest
100%
Week 15 (12/5)17USC821Pacific-10
100%
Week 15 (12/5)15Penn State83Big Ten
100%
Week 15 (12/5)14Michigan93Big Ten
100%
Week 2 (9/5)4Penn State00Big Ten
100%
Week 1 (8/29)9Notre Dame00Independent
100%
Week 15 (12/5)6Notre Dame92Independent
100%
Week 2 (9/5)7USC00Pacific-10
100%
Week 2 (9/5)8Tennessee10SEC
100%
Week 2 (9/5)9Ohio State10Big Ten
100%
Week 15 (12/5)4Tennessee101SEC
100%
Week 2 (9/5)11Michigan20Big Ten
100%
Week 15 (12/5)4Ohio State111Big Ten
100%
Week 2 (9/5)13Alabama10SEC
100%
Week 2 (9/5)14Oklahoma00Big Eight
100%
Week 1 (8/29)10Ohio State10Big Ten
100%
Week 1 (8/29)8Tennessee00SEC
100%
Week 15 (12/5)1Nebraska110Big Eight
100%
Preseason15Oklahoma00Big Eight
100%
Preseason4Penn State00Big Ten
100%
Postseason21Alabama83SEC
100%
Preseason7USC00Pacific-10
100%
Preseason8Tennessee00SEC
100%
Preseason9Notre Dame00Independent
100%
Preseason10Alabama00SEC
100%
Preseason12Ohio State00Big Ten
100%
Postseason17Michigan94Big Ten
100%
Preseason14Michigan00Big Ten
100%
Preseason18Texas00Southwest
100%
Week 1 (8/29)7USC00Pacific-10
100%
Postseason14Texas1021Southwest
100%
Postseason13Penn State93Big Ten
100%
Postseason12USC921Pacific-10
100%
Postseason11Notre Dame93Independent
100%
Postseason6Ohio State112Big Ten
100%
Week 1 (8/29)2Nebraska00Big Eight
100%
Postseason3Tennessee111SEC
100%
Week 1 (8/29)4Penn State00Big Ten
100%
Postseason1Nebraska120Big Eight
100%
Week 2 (9/5)15Texas10Southwest
100%
Week 2 (9/5)2Nebraska10Big Eight
100%
Week 3 (9/12)7Penn State10Big Ten
100%
Week 14 (11/28)4Tennessee101SEC
100%
Week 14 (11/28)9Texas911Southwest
100%
Week 3 (9/12)8Tennessee20SEC
100%
Week 3 (9/12)11Michigan30Big Ten
100%
Week 3 (9/12)6USC10Pacific-10
100%
Week 14 (11/28)14Michigan93Big Ten
100%
Week 3 (9/12)13Alabama20SEC
100%
Week 14 (11/28)15Penn State83Big Ten
100%
Week 3 (9/12)2Nebraska20Big Eight
100%
Week 3 (9/12)14Oklahoma20Big Eight
100%
Week 3 (9/12)15Texas10Southwest
100%
Week 14 (11/28)6Notre Dame92Independent
100%
Week 14 (11/28)5Ohio State111Big Ten
100%
Week 2 (9/5)25Notre Dame01Independent
100%
Week 3 (9/12)10Ohio State10Big Ten
100%
Week 14 (11/28)21Alabama83SEC
100%
Week 14 (11/28)18USC821Pacific-10
100%
Week 14 (11/28)1Nebraska110Big Eight
100%
Postseason5Colorado102Big Eight
83%
Week 10 (10/31)15Washington521Pacific-10
83%
Week 9 (10/24)19Texas A&M42Southwest
83%
Postseason4Florida State102ACC
83%
Week 13 (11/21)13Virginia Tech92Big East
83%
Week 13 (11/21)25Miami73Big East
83%
Week 10 (10/31)17Texas A&M52Southwest
83%
Week 13 (11/21)8Colorado92Big Eight
83%
Postseason10Virginia Tech101Big East
83%
Postseason2Florida121SEC
83%
Week 10 (10/31)20Syracuse61Big East
83%
Week 13 (11/21)24Clemson83ACC
83%
Week 10 (10/31)21Auburn53SEC
83%
Postseason22Auburn84SEC
83%
Week 14 (11/28)8Florida State92ACC
83%
Week 9 (10/24)25Iowa51Big Ten
83%
Week 9 (10/24)20Virginia63ACC
83%
Postseason15Texas A&M93Southwest
83%
Postseason19Syracuse93Big East
83%
Week 10 (10/31)2Florida State70ACC
83%
Week 10 (10/31)3Florida70SEC
83%
Week 13 (11/21)19Virginia84ACC
83%
Week 14 (11/28)7Colorado92Big Eight
83%
Postseason16Virginia94ACC
83%
Week 10 (10/31)22UCLA62Pacific-10
83%
Week 14 (11/28)2Florida110SEC
83%
Week 9 (10/24)24UCLA52Pacific-10
83%
Week 13 (11/21)16Auburn83SEC
83%
Week 13 (11/21)20Washington731Pacific-10
83%
Week 10 (10/31)10Colorado62Big Eight
83%
Week 9 (10/24)21Syracuse61Big East
83%
Week 13 (11/21)15Texas A&M72Southwest
83%
Postseason20Miami83Big East
83%
Week 14 (11/28)24Clemson83ACC
83%
Week 10 (10/31)24Virginia63ACC
83%
Week 12 (11/14)22Washington631Pacific-10
83%
Week 15 (12/5)8Florida State92ACC
83%
Week 11 (11/7)24Clemson63ACC
83%
Week 12 (11/14)24Clemson73ACC
83%
Week 15 (12/5)7Colorado92Big Eight
83%
Week 14 (11/28)17Auburn83SEC
83%
Week 12 (11/14)23Syracuse72Big East
83%
Week 12 (11/14)3Florida90SEC
83%
Week 12 (11/14)21Auburn73SEC
83%
Week 11 (11/7)22Washington531Pacific-10
83%
Week 14 (11/28)19Virginia84ACC
83%
Week 12 (11/14)20Virginia Tech82Big East
83%
Week 12 (11/14)6Florida State81ACC
83%
Week 14 (11/28)20Washington731Pacific-10
83%
Week 12 (11/14)18Texas A&M62Southwest
83%
Week 12 (11/14)9Colorado82Big Eight
83%
Week 15 (12/5)2Florida120SEC
83%
Week 14 (11/28)22Miami83Big East
83%
Week 11 (11/7)23Syracuse62Big East
83%
Week 11 (11/7)21Virginia Tech72Big East
83%
Week 13 (11/21)6Florida State91ACC
83%
Week 15 (12/5)20Washington731Pacific-10
83%
Week 12 (11/14)13Virginia83ACC
83%
Week 13 (11/21)3Florida100SEC
83%
Week 11 (11/7)3Florida80SEC
83%
Week 15 (12/5)23Clemson83ACC
83%
Week 11 (11/7)6Florida State71ACC
83%
Week 15 (12/5)22Miami83Big East
83%
Week 14 (11/28)13Virginia Tech92ACC
83%
Week 11 (11/7)9Colorado72Big Eight
83%
Week 12 (11/14)25Miami63Big East
83%
Week 13 (11/21)22Syracuse82Big East
83%
Week 15 (12/5)19Texas A&M83Southwest
83%
Week 15 (12/5)18Virginia84ACC
83%
Week 15 (12/5)16Auburn83SEC
83%
Week 11 (11/7)14Virginia73ACC
83%
Week 14 (11/28)16Texas A&M82Southwest
83%
Week 11 (11/7)18Texas A&M52Southwest
83%
Week 15 (12/5)13Virginia Tech92Big East
83%
Week 11 (11/7)20Auburn63SEC
83%
Preseason1Florida State00ACC
83%
Week 8 (10/17)13Auburn42SEC
83%
Week 9 (10/24)17Washington52Pacific-10
83%
Week 3 (9/12)5Auburn20SEC
83%
Week 3 (9/12)19Miami11Big East
83%
Week 3 (9/12)18Washington10Pacific-10
83%
Week 3 (9/12)17Arizona20Pacific-10
83%
Week 3 (9/12)16Virginia21ACC
83%
Week 3 (9/12)12UCLA20Pacific-10
83%
Week 3 (9/12)9Colorado20Big Eight
83%
Week 3 (9/12)4Florida20SEC
83%
Week 4 (9/19)1Florida State30ACC
83%
Week 3 (9/12)3Texas A&M10Southwest
83%
Week 3 (9/12)1Florida State20ACC
83%
Week 2 (9/5)23NC State10ACC
83%
Week 2 (9/5)22Syracuse10Big East
83%
Week 2 (9/5)20Virginia Tech00Big East
83%
Week 2 (9/5)19Miami01Big East
83%
Week 3 (9/12)23Georgia11SEC
83%
Week 4 (9/19)3Texas A&M20Southwest
83%
Week 2 (9/5)17Arizona10Pacific-10
83%
Week 4 (9/19)25Arizona21Pacific-10
83%
Week 5 (9/26)13Auburn21SEC
83%
Week 5 (9/26)11Virginia41ACC
83%
Week 5 (9/26)9Texas A&M21Southwest
83%
Week 5 (9/26)4Colorado40Big Eight
83%
Week 5 (9/26)3Florida30SEC
83%
Week 5 (9/26)1Florida State40ACC
83%
Week 4 (9/19)22Washington11Pacific-10
83%
Week 4 (9/19)4Florida30SEC
83%
Week 4 (9/19)20Georgia21SEC
83%
Week 4 (9/19)17Miami11Big East
83%
Week 4 (9/19)16UCLA21Pacific-10
83%
Week 4 (9/19)14Auburn21SEC
83%
Week 4 (9/19)11Virginia31ACC
83%
Week 4 (9/19)7Colorado30Big Eight
83%
Week 2 (9/5)18Washington10Pacific-10
83%
Week 2 (9/5)16Virginia11ACC
83%
Week 5 (9/26)18Washington21Pacific-10
83%
Preseason19Arizona00Pacific-10
83%
Preseason24Washington00Pacific-10
83%
Preseason24Virginia Tech00Big East
83%
Preseason23West Virginia00Big East
83%
Preseason22Boston College00Big East
83%
Preseason21Wisconsin00Big Ten
83%
Preseason20North Carolina00ACC
83%
Preseason17Virginia00ACC
83%
Week 1 (8/29)3Texas A&M00Southwest
83%
Preseason16UCLA00Pacific-10
83%
Preseason13Colorado00Big Eight
83%
Preseason11Miami00Big East
83%
Preseason6Auburn00SEC
83%
Preseason5Florida00SEC
83%
Preseason3Texas A&M00Southwest
83%
Week 1 (8/29)1Florida State00ACC
83%
Week 1 (8/29)5Florida00SEC
83%
Week 2 (9/5)12UCLA10Pacific-10
83%
Week 1 (8/29)23West Virginia00Big East
83%
Week 2 (9/5)10Colorado10Big Eight
83%
Week 2 (9/5)6Auburn10SEC
83%
Week 2 (9/5)5Florida10SEC
83%
Week 2 (9/5)3Texas A&M10Southwest
83%
Week 2 (9/5)1Florida State10ACC
83%
Week 1 (8/29)24Virginia Tech00Big East
83%
Week 1 (8/29)22Washington00Pacific-10
83%
Week 1 (8/29)6Auburn00SEC
83%
Week 1 (8/29)21Wisconsin00Big Ten
83%
Week 1 (8/29)20North Carolina00ACC
83%
Week 1 (8/29)19Arizona00Pacific-10
83%
Week 1 (8/29)17Virginia01ACC
83%
Week 1 (8/29)15UCLA00Pacific-10
83%
Week 1 (8/29)14Colorado00Big Eight
83%
Week 1 (8/29)12Miami00Big East
83%
Week 5 (9/26)14LSU31SEC
83%
Week 4 (9/19)18LSU21SEC
83%
Postseason25Iowa84Big Ten
83%
Week 7 (10/10)1Florida State50ACC
83%
Week 6 (10/3)11Auburn31SEC
83%
Week 8 (10/17)14Virginia62ACC
83%
Week 8 (10/17)9Colorado51Big Eight
83%
Week 6 (10/3)21LSU311SEC
83%
Week 8 (10/17)3Florida60SEC
83%
Week 8 (10/17)1Florida State60ACC
83%
Week 6 (10/3)22Wisconsin211Big Ten
83%
Week 7 (10/10)24Washington32Pacific-10
83%
Week 8 (10/17)18Iowa50Big Ten
83%
Week 7 (10/10)23Iowa40Big Ten
83%
Week 7 (10/10)22Texas A&M22Southwest
83%
Week 7 (10/10)3Florida50SEC
83%
Week 7 (10/10)7Auburn41SEC
83%
Week 7 (10/10)21Wisconsin211Big Ten
83%
Week 7 (10/10)19Virginia52ACC
83%
Week 7 (10/10)9Colorado51Big Eight
83%
Week 6 (10/3)9Virginia51ACC
83%
Week 6 (10/3)15Washington31Pacific-10
83%
Week 8 (10/17)20Washington42Pacific-10
83%
Week 8 (10/17)22Texas A&M32Southwest
83%
Week 9 (10/24)11Auburn52SEC
83%
Week 9 (10/24)7Colorado61Big Eight
83%
Week 9 (10/24)3Florida60SEC
83%
Week 9 (10/24)1Florida State70ACC
83%
Week 6 (10/3)1Florida State40ACC
83%
Week 6 (10/3)3Florida40SEC
83%
Week 6 (10/3)4Colorado50Big Eight
83%
Week 8 (10/17)24Wisconsin221Big Ten
83%
Week 6 (10/3)8Texas A&M21Southwest
83%
Week 8 (10/17)11Northwestern51Big Ten
67%
Week 10 (10/31)11Kansas71Big Eight
67%
Week 7 (10/10)15Oregon41Pacific-10
67%
Week 10 (10/31)9Kansas State71Big Eight
67%
Week 15 (12/5)3Northwestern101Big Ten
67%
Week 9 (10/24)10Oregon61Pacific-10
67%
Week 9 (10/24)8Northwestern61Big Ten
67%
Postseason18Oregon93Pacific-10
67%
Postseason7Kansas State102Big Eight
67%
Week 9 (10/24)6Kansas70Big Eight
67%
Postseason8Northwestern102Big Ten
67%
Week 15 (12/5)10Kansas State92Big Eight
67%
Postseason9Kansas102Big Eight
67%
Week 15 (12/5)11Kansas92Big Eight
67%
Week 15 (12/5)12Oregon92Pacific-10
67%
Week 1 (8/29)25Illinois00Big Ten
67%
Week 15 (12/5)24Arkansas84SEC
67%
Week 10 (10/31)6Northwestern71Big Ten
67%
Week 10 (10/31)19Oregon62Pacific-10
67%
Week 10 (10/31)18Arkansas62SEC
67%
Week 14 (11/28)23Arkansas83SEC
67%
Week 8 (10/17)12Oregon51Pacific-10
67%
Week 8 (10/17)7Kansas60Big Eight
67%
Week 8 (10/17)8Kansas State60Big Eight
67%
Week 11 (11/7)5Northwestern81Big Ten
67%
Week 12 (11/14)15Kansas82Big Eight
67%
Week 7 (10/10)14Northwestern41Big Ten
67%
Week 4 (9/19)19Kansas State20Big Eight
67%
Week 6 (10/3)17Oregon31Pacific-10
67%
Week 11 (11/7)7Kansas State81Big Eight
67%
Week 4 (9/19)12Oregon30Pacific-10
67%
Week 6 (10/3)13Kansas State40Big Eight
67%
Week 13 (11/21)12Oregon92Pacific-10
67%
Week 13 (11/21)11Kansas92Big Eight
67%
Week 13 (11/21)10Kansas State92Big Eight
67%
Week 9 (10/24)14Kansas State61Big Eight
67%
Week 12 (11/14)5Northwestern91Big Ten
67%
Week 3 (9/12)25Northwestern10Big Ten
67%
Week 4 (9/19)24Maryland30ACC
67%
Week 13 (11/21)4Northwestern101Big Ten
67%
Week 12 (11/14)7Kansas State91Big Eight
67%
Week 5 (9/26)25Kansas40Big Eight
67%
Week 5 (9/26)23Arkansas31SEC
67%
Week 5 (9/26)16Kansas State30Big Eight
67%
Week 5 (9/26)17Maryland40ACC
67%
Week 12 (11/14)14Arkansas82SEC
67%
Week 5 (9/26)19Oregon31Pacific-10
67%
Week 6 (10/3)18Arkansas41SEC
67%
Week 2 (9/5)21Kansas State10Big Eight
67%
Week 13 (11/21)23Arkansas83SEC
67%
Week 11 (11/7)15Arkansas72SEC
67%
Week 12 (11/14)16Oregon82Pacific-10
67%
Week 7 (10/10)10Kansas50Big Eight
67%
Week 2 (9/5)24Oregon10Pacific-10
67%
Week 11 (11/7)10Kansas81Big Eight
67%
Week 7 (10/10)8Kansas State50Big Eight
67%
Week 14 (11/28)11Kansas92Big Eight
67%
Week 14 (11/28)10Kansas State92Big Eight
67%
Week 14 (11/28)12Oregon92Pacific-10
67%
Week 6 (10/3)25Northwestern31Big Ten
67%
Week 3 (9/12)20Oregon20Pacific-10
67%
Week 6 (10/3)24Kansas40Big Eight
67%
Week 3 (9/12)22Kansas State20Big Eight
67%
Week 14 (11/28)3Northwestern101Big Ten
67%
Week 11 (11/7)17Oregon72Pacific-10
67%
Postseason23Texas Tech93Southwest
50%
Week 3 (9/12)21Air Force20WAC
50%
Week 9 (10/24)22Texas Tech42Southwest
50%
Week 7 (10/10)16Stanford401Pacific-10
50%
Week 5 (9/26)22Stanford301Pacific-10
50%
Week 5 (9/26)24Texas Tech11Southwest
50%
Week 8 (10/17)25Texas Tech32Southwest
50%
Week 8 (10/17)23Stanford411Pacific-10
50%
Week 6 (10/3)19Stanford301Pacific-10
50%
Week 7 (10/10)25Texas Tech22Southwest
50%
Week 10 (10/31)23Texas Tech52Southwest
50%
Week 15 (12/5)25Toledo1001MAC
17%
Week 14 (11/28)25Toledo1001MAC
17%
Postseason24Toledo1101MAC
17%
Week 11 (11/7)25San Diego State72WAC
17%

Score Distribution

Percentile by Number Answered

Percent of People with Each Score

Your Score History

You have not taken this quiz